[Event "Prague Open 2022 - A IM Open"]
[Site "Olympik hotel, Prague"]
[Date "2022.01.11"]
[Round "6"]
[Board "2"]
[White "Jurcik, Marian"]
[Black "Mikes, Jan"]
[Result "1/2-1/2"]
[WhiteElo "2397"]
[BlackElo "2332"]
[PlyCount "0"]
[EventDate "2022.01.07"]
[EventRounds "9"]
[EventCountry "CZE"]

1. e4 {[%clk 1:28:04]} c6 {[%clk 1:30:40]} 2. d4 {[%clk 1:28:22]} d5
{[%clk 1:31:05]} 3. exd5 {[%clk 1:28:24]} cxd5 {[%clk 1:31:30]} 4. Bd3
{[%clk 1:28:48]} Nc6 {[%clk 1:31:55]} 5. c3 {[%clk 1:29:01]} Nf6 {[%clk 1:31:46]}
6. Bf4 {[%clk 1:28:56]} Bg4 {[%clk 1:30:38]} 7. Qb3 {[%clk 1:29:08]} e5
{[%clk 1:29:04]} 8. h3 {[%clk 1:27:45]} exf4 {[%clk 1:26:42]} 9. hxg4
{[%clk 1:27:50]} Qe7+ {[%clk 1:23:41]} 10. Kf1 {[%clk 1:27:15]} O-O-O
{[%clk 1:22:26]} 11. Nd2 {[%clk 1:25:54]} g6 {[%clk 1:15:00]} 12. Re1
{[%clk 1:24:29]} Qc7 {[%clk 1:14:49]} 13. g5 {[%clk 1:23:25]} Nh5
{[%clk 1:11:28]} 14. Be2 {[%clk 1:09:40]} Ng7 {[%clk 1:08:53]} 15. Bg4+
{[%clk 0:46:33]} Kb8 {[%clk 1:08:29]} 16. Ngf3 {[%clk 0:45:16]} h5
{[%clk 1:03:20]} 17. Bh3 {[%clk 0:45:23]} Be7 {[%clk 1:02:09]} 18. Qb5
{[%clk 0:41:28]} Ne8 {[%clk 0:57:11]} 19. Nb3 {[%clk 0:40:01]} a6
{[%clk 0:49:16]} 20. Qd3 {[%clk 0:40:05]} Rg8 {[%clk 0:47:23]} 21. Nc5
{[%clk 0:37:44]} Bxc5 {[%clk 0:41:55]} 22. dxc5 {[%clk 0:38:11]} f6
{[%clk 0:42:10]} 23. Be6 {[%clk 0:18:52]} Rg7 {[%clk 0:41:11]} 24. b4
{[%clk 0:19:21]} fxg5 {[%clk 0:35:04]} 25. Nxg5 {[%clk 0:19:24]} Qe7
{[%clk 0:34:27]} 26. Nf3 {[%clk 0:17:48]} Nc7 {[%clk 0:33:10]} 27. Bh3
{[%clk 0:07:26]} Qf6 {[%clk 0:33:29]} 28. a4 {[%clk 0:06:20]} Re7
{[%clk 0:27:12]} 29. Rxe7 {[%clk 0:05:55]} Nxe7 {[%clk 0:27:20]} 30. Nd4
{[%clk 0:05:54]} g5 {[%clk 0:20:29]} 31. Bf5 {[%clk 0:05:46]} Rf8
{[%clk 0:20:24]} 32. Bd7 {[%clk 0:05:06]} Rd8 {[%clk 0:12:43]} 33. Bf5
{[%clk 0:05:34]} h4 {[%clk 0:06:55]} 34. f3 {[%clk 0:04:28]} Rf8 {[%clk 0:06:57]}
35. Bd7 {[%clk 0:04:08]} Rd8 {[%clk 0:06:33]} 36. Bg4 {[%clk 0:03:27]} Re8
{[%clk 0:04:23]} 37. Bd7 {[%clk 0:03:02]}  1/2-1/2

[Event "Prague Open 2022 - A IM Open"]
[Site "Olympik hotel, Prague"]
[Date "2022.01.11"]
[Round "6"]
[Board "3"]
[White "Lim, Zhuo Ren"]
[Black "Neuman, Petr"]
[Result "1/2-1/2"]
[WhiteElo "2311"]
[BlackElo "2402"]
[PlyCount "0"]
[EventDate "2022.01.07"]
[EventRounds "9"]
[EventCountry "CZE"]

1. c4 {[%clk 1:30:58]} c6 {[%clk 1:28:00]} 2. Nf3 {[%clk 1:31:10]} d5
{[%clk 1:28:21]} 3. g3 {[%clk 1:31:18]} g6 {[%clk 1:28:47]} 4. Bg2
{[%clk 1:31:30]} Bg7 {[%clk 1:29:12]} 5. O-O {[%clk 1:31:40]} Nf6
{[%clk 1:29:39]} 6. d4 {[%clk 1:31:50]} O-O {[%clk 1:30:03]} 7. Ne5
{[%clk 1:31:37]} Ne4 {[%clk 1:28:15]} 8. Nc3 {[%clk 1:31:34]} f6 {[%clk 1:26:03]}
9. Nf3 {[%clk 1:30:13]} Be6 {[%clk 1:23:14]} 10. Qb3 {[%clk 1:24:40]} Qb6
{[%clk 1:22:22]} 11. c5 {[%clk 1:24:50]} Qxb3 {[%clk 1:22:02]} 12. axb3
{[%clk 1:25:15]} Nd7 {[%clk 1:21:34]} 13. Nd2 {[%clk 1:17:16]} Nxd2
{[%clk 1:18:21]}  1/2-1/2

[Event "Prague Open 2022 - A IM Open"]
[Site "Olympik hotel, Prague"]
[Date "2022.01.11"]
[Round "6"]
[Board "4"]
[White "Kulhanek, Tomas"]
[Black "Haring, Filip"]
[Result "1/2-1/2"]
[WhiteElo "2324"]
[BlackElo "2398"]
[PlyCount "0"]
[EventDate "2022.01.07"]
[EventRounds "9"]
[EventCountry "CZE"]

1. e4 {[%clk 1:30:57]} c6 {[%clk 1:30:49]} 2. d4 {[%clk 1:30:34]} d5
{[%clk 1:31:07]} 3. exd5 {[%clk 1:30:46]} cxd5 {[%clk 1:31:30]} 4. Bf4
{[%clk 1:31:11]} Nc6 {[%clk 1:31:08]} 5. c3 {[%clk 1:31:22]} Nf6 {[%clk 1:30:10]}
6. Nd2 {[%clk 1:28:15]} g6 {[%clk 1:27:23]} 7. Bd3 {[%clk 1:25:30]} Bf5
{[%clk 1:22:28]} 8. Bxf5 {[%clk 1:23:23]} gxf5 {[%clk 1:22:51]} 9. Ngf3
{[%clk 1:21:16]} e6 {[%clk 1:21:58]} 10. Ne5 {[%clk 1:10:36]} Bd6
{[%clk 1:07:31]} 11. Nd3 {[%clk 1:08:09]} Ne4 {[%clk 1:03:17]} 12. Bxd6
{[%clk 1:07:48]} Qxd6 {[%clk 1:02:48]} 13. f3 {[%clk 1:05:15]} Nf6
{[%clk 1:01:37]} 14. Qe2 {[%clk 1:05:14]} Nd7 {[%clk 0:58:06]} 15. g4
{[%clk 0:57:26]} Ne7 {[%clk 0:54:39]} 16. O-O-O {[%clk 0:55:31]} O-O-O
{[%clk 0:50:45]} 17. Kb1 {[%clk 0:51:58]} h5 {[%clk 0:43:33]} 18. h3
{[%clk 0:47:30]} Rdg8 {[%clk 0:41:29]} 19. Ne5 {[%clk 0:43:29]} Nxe5
{[%clk 0:37:19]} 20. dxe5 {[%clk 0:43:57]} Qb6 {[%clk 0:35:15]} 21. Nb3
{[%clk 0:38:32]} a6 {[%clk 0:24:37]} 22. Nd4 {[%clk 0:34:22]} fxg4
{[%clk 0:23:44]} 23. hxg4 {[%clk 0:33:16]} hxg4 {[%clk 0:21:34]} 24. fxg4
{[%clk 0:33:08]} Ng6 {[%clk 0:21:15]} 25. Qe3 {[%clk 0:27:10]} Qc7
{[%clk 0:14:37]} 26. Nf3 {[%clk 0:27:26]} Qc4 {[%clk 0:14:37]} 27. Nd4
{[%clk 0:25:34]} Rxh1 {[%clk 0:08:17]} 28. Rxh1 {[%clk 0:26:01]} Rh8
{[%clk 0:07:46]} 29. Rxh8+ {[%clk 0:24:55]} Nxh8 {[%clk 0:08:14]} 30. Qf3
{[%clk 0:23:57]} Kd7 {[%clk 0:07:47]} 31. b3 {[%clk 0:16:08]} Qc7
{[%clk 0:07:34]} 32. Qe3 {[%clk 0:13:59]} Ng6 {[%clk 0:07:27]} 33. Nf3
{[%clk 0:14:18]} Ke8 {[%clk 0:05:10]} 34. Kb2 {[%clk 0:14:15]} Kd7
{[%clk 0:04:10]} 35. a4 {[%clk 0:13:33]} Ke8 {[%clk 0:03:33]} 36. Kc2
{[%clk 0:09:48]} Kd7 {[%clk 0:03:14]} 37. Kb2 {[%clk 0:10:12]} Kc8
{[%clk 0:02:16]} 38. Qa7 {[%clk 0:08:24]} Kd7 {[%clk 0:01:17]} 39. Qe3
{[%clk 0:08:10]} Ke7 {[%clk 0:00:55]} 40. Qg5+ {[%clk 0:07:48]} Kf8
{[%clk 0:00:43]} 41. Qh6+ {[%clk 0:05:49]} Ke8 {[%clk 0:27:05]} 42. Qe3
{[%clk 0:36:01]} Kf8 {[%clk 0:23:05]} 43. Qh6+ {[%clk 0:36:06]} Ke8
{[%clk 0:21:15]} 44. Qe3 {[%clk 0:36:28]} Kf8 {[%clk 0:21:25]}  1/2-1/2

[Event "Prague Open 2022 - A IM Open"]
[Site "Olympik hotel, Prague"]
[Date "2022.01.11"]
[Round "6"]
[Board "5"]
[White "Kozak, Antoni"]
[Black "Acor, Corey"]
[Result "1-0"]
[WhiteElo "2377"]
[BlackElo "2303"]
[PlyCount "0"]
[EventDate "2022.01.07"]
[EventRounds "9"]
[EventCountry "CZE"]

1. d4 {[%clk 1:30:54]} Nf6 {[%clk 1:23:33]} 2. c4 {[%clk 1:30:46]} e5
{[%clk 1:23:34]} 3. dxe5 {[%clk 1:29:41]} Ng4 {[%clk 1:23:55]} 4. e4
{[%clk 1:27:12]} Nxe5 {[%clk 1:24:13]} 5. f4 {[%clk 1:27:36]} Nec6
{[%clk 1:24:01]} 6. Nc3 {[%clk 1:25:39]} Bc5 {[%clk 1:21:38]} 7. Qg4
{[%clk 1:23:42]} O-O {[%clk 1:19:01]} 8. f5 {[%clk 1:23:39]} Ne5 {[%clk 1:03:39]}
9. Qg3 {[%clk 1:22:02]} Re8 {[%clk 1:04:02]} 10. Nf3 {[%clk 1:05:06]} Nbc6
{[%clk 0:57:11]} 11. Nd5 {[%clk 1:01:55]} f6 {[%clk 0:56:42]} 12. Bf4
{[%clk 0:56:20]} Kh8 {[%clk 0:50:10]} 13. O-O-O {[%clk 0:48:34]} a5
{[%clk 0:49:06]} 14. Be2 {[%clk 0:44:15]} d6 {[%clk 0:44:24]} 15. Nh4
{[%clk 0:42:33]} Nd4 {[%clk 0:37:51]} 16. Bh5 {[%clk 0:41:36]} c6
{[%clk 0:29:29]} 17. Nc3 {[%clk 0:36:49]} Nxc4 {[%clk 0:24:01]} 18. Bf7
{[%clk 0:35:07]}  1-0

[Event "Prague Open 2022 - A IM Open"]
[Site "Olympik hotel, Prague"]
[Date "2022.01.11"]
[Round "6"]
[Board "6"]
[White "Van Osch, Mees"]
[Black "Vojta, Jakub"]
[Result "0-1"]
[WhiteElo "2366"]
[BlackElo "2216"]
[PlyCount "0"]
[EventDate "2022.01.07"]
[EventRounds "9"]
[EventCountry "CZE"]

1. e4 {[%clk 1:30:52]} e6 {[%clk 1:30:55]} 2. d4 {[%clk 1:27:27]} d5
{[%clk 1:31:17]} 3. Nc3 {[%clk 1:27:23]} Bb4 {[%clk 1:31:41]} 4. e5
{[%clk 1:25:57]} b6 {[%clk 1:32:06]} 5. Bd2 {[%clk 1:19:31]} Ne7 {[%clk 1:32:24]}
6. a3 {[%clk 1:19:56]} Bxc3 {[%clk 1:32:47]} 7. Bxc3 {[%clk 1:20:22]} Ba6
{[%clk 1:29:47]} 8. Ne2 {[%clk 1:20:47]} c5 {[%clk 1:26:47]} 9. b4
{[%clk 1:08:02]} cxd4 {[%clk 1:11:46]} 10. Nxd4 {[%clk 1:04:59]} Bxf1
{[%clk 1:12:01]} 11. Kxf1 {[%clk 1:05:08]} O-O {[%clk 1:07:18]} 12. Qd3
{[%clk 0:58:59]} Nd7 {[%clk 1:01:39]} 13. h4 {[%clk 0:44:57]} Nxe5
{[%clk 0:40:31]} 14. Qg3 {[%clk 0:44:20]} Nc4 {[%clk 0:40:00]} 15. Nxe6
{[%clk 0:27:32]} Nf5 {[%clk 0:36:48]} 16. Nxd8 {[%clk 0:27:55]} Nxg3+
{[%clk 0:37:14]} 17. fxg3 {[%clk 0:28:20]} Raxd8 {[%clk 0:37:05]} 18. Bd4
{[%clk 0:28:39]} Rfe8 {[%clk 0:36:48]} 19. Kf2 {[%clk 0:27:37]} Re4
{[%clk 0:36:28]} 20. c3 {[%clk 0:27:57]} Rde8 {[%clk 0:28:27]} 21. Ra2
{[%clk 0:28:08]} Nd6 {[%clk 0:26:44]} 22. Rd1 {[%clk 0:16:03]} Nf5
{[%clk 0:17:22]} 23. a4 {[%clk 0:09:59]} g5 {[%clk 0:10:08]} 24. hxg5
{[%clk 0:08:47]} Nxd4 {[%clk 0:10:09]} 25. Rxd4 {[%clk 0:04:17]} Rxd4
{[%clk 0:10:24]} 26. cxd4 {[%clk 0:04:46]} Re4 {[%clk 0:09:54]} 27. Rc2
{[%clk 0:02:10]} Rxd4 {[%clk 0:09:42]} 28. Rc7 {[%clk 0:02:33]} a5
{[%clk 0:03:21]} 29. bxa5 {[%clk 0:02:56]} bxa5 {[%clk 0:03:45]} 30. Rc5
{[%clk 0:03:19]} Rxa4 {[%clk 0:04:03]} 31. Rxd5 {[%clk 0:03:48]} Ra2+
{[%clk 0:04:08]} 32. Kf3 {[%clk 0:04:14]} a4 {[%clk 0:04:21]} 33. Rd8+
{[%clk 0:02:49]} Kg7 {[%clk 0:04:49]} 34. Ra8 {[%clk 0:03:10]} a3
{[%clk 0:04:45]} 35. Kf4 {[%clk 0:02:09]} Rf2+ {[%clk 0:04:41]} 36. Ke3
{[%clk 0:01:48]} Rxg2 {[%clk 0:04:42]} 37. Kf3 {[%clk 0:02:15]} Ra2
{[%clk 0:05:03]} 38. Kg4 {[%clk 0:02:17]} Ra1 {[%clk 0:05:08]} 39. Kf5
{[%clk 0:02:05]} h5 {[%clk 0:03:54]} 40. gxh6+ {[%clk 0:01:19]} Kxh6
{[%clk 0:04:19]} 41. Kg4 {[%clk 0:03:32]} a2 {[%clk 0:32:57]} 42. Rh8+
{[%clk 0:01:28]} Kg6 {[%clk 0:32:06]} 43. Rh2 {[%clk 0:01:15]} f5+
{[%clk 0:32:08]} 44. Kh4 {[%clk 0:01:32]} Kh6 {[%clk 0:32:05]} 45. Kh3
{[%clk 0:00:50]} Kg5 {[%clk 0:32:29]} 46. Kg2 {[%clk 0:01:05]} Rb1
{[%clk 0:32:43]}  0-1

[Event "Prague Open 2022 - A IM Open"]
[Site "Olympik hotel, Prague"]
[Date "2022.01.11"]
[Round "6"]
[Board "7"]
[White "Mannion, Stephen R"]
[Black "Hrabusa, Matej"]
[Result "1/2-1/2"]
[WhiteElo "2271"]
[BlackElo "2364"]
[PlyCount "0"]
[EventDate "2022.01.07"]
[EventRounds "9"]
[EventCountry "CZE"]

1. e4 {[%clk 1:30:56]} c5 {[%clk 1:30:50]} 2. Nf3 {[%clk 1:31:19]} d6
{[%clk 1:31:02]} 3. d4 {[%clk 1:31:38]} cxd4 {[%clk 1:31:27]} 4. Nxd4
{[%clk 1:32:03]} Nf6 {[%clk 1:31:49]} 5. Nc3 {[%clk 1:32:28]} a6 {[%clk 1:32:14]}
6. Bd3 {[%clk 1:32:45]} e5 {[%clk 1:31:59]} 7. Nde2 {[%clk 1:33:04]} Be7
{[%clk 1:32:06]} 8. O-O {[%clk 1:33:22]} Be6 {[%clk 1:30:54]} 9. f4
{[%clk 1:33:23]} exf4 {[%clk 1:30:35]} 10. Nxf4 {[%clk 1:33:41]} Nc6
{[%clk 1:30:28]} 11. Be3 {[%clk 1:33:25]} Ne5 {[%clk 1:29:12]} 12. Bd4
{[%clk 1:18:37]} Rc8 {[%clk 1:23:18]} 13. Kh1 {[%clk 1:17:14]} O-O
{[%clk 1:21:58]} 14. a4 {[%clk 1:12:02]} Nfd7 {[%clk 1:15:08]} 15. Ncd5
{[%clk 1:11:17]} Bg5 {[%clk 1:11:17]} 16. c3 {[%clk 0:59:53]} Bxf4
{[%clk 0:58:41]} 17. Nxf4 {[%clk 0:39:50]} Nc5 {[%clk 0:52:55]} 18. Nxe6
{[%clk 0:38:54]} Nxe6 {[%clk 0:47:55]} 19. Be2 {[%clk 0:36:49]} Qh4
{[%clk 0:44:58]} 20. Bf3 {[%clk 0:35:47]} Rfd8 {[%clk 0:41:09]} 21. g3
{[%clk 0:28:32]} Qh6 {[%clk 0:39:18]} 22. Bg2 {[%clk 0:28:17]} Nc4
{[%clk 0:35:26]} 23. Qe2 {[%clk 0:20:55]} Nxd4 {[%clk 0:26:52]} 24. cxd4
{[%clk 0:21:22]} Qe3 {[%clk 0:21:03]} 25. Qh5 {[%clk 0:18:26]} Rf8
{[%clk 0:19:39]} 26. Qd5 {[%clk 0:17:37]} Qd2 {[%clk 0:16:27]} 27. Rad1
{[%clk 0:02:48]} Qxb2 {[%clk 0:15:27]} 28. Rb1 {[%clk 0:03:08]} Qc2
{[%clk 0:14:38]} 29. Rg1 {[%clk 0:03:06]} Qxa4 {[%clk 0:10:12]} 30. Qxb7
{[%clk 0:02:58]} Ne3 {[%clk 0:09:39]} 31. Qb4 {[%clk 0:03:12]} Qc2
{[%clk 0:06:13]} 32. Rb2 {[%clk 0:03:23]} Qd3 {[%clk 0:05:39]} 33. Qd2
{[%clk 0:02:38]} Rc3 {[%clk 0:05:10]} 34. Qxd3 {[%clk 0:02:00]} Rxd3
{[%clk 0:05:36]} 35. d5 {[%clk 0:01:50]} h5 {[%clk 0:04:53]} 36. Ra2
{[%clk 0:01:43]} Rb8 {[%clk 0:04:29]} 37. Bf1 {[%clk 0:01:39]} Rd1
{[%clk 0:02:54]} 38. Be2 {[%clk 0:02:05]} Rd4 {[%clk 0:02:11]} 39. Bxh5
{[%clk 0:01:59]} Rxe4 {[%clk 0:01:56]} 40. Re1 {[%clk 0:02:04]} Re5
{[%clk 0:01:53]} 41. Bf3 {[%clk 0:01:29]} Rb6 {[%clk 0:00:45]} 42. Kg1
{[%clk 0:26:42]} g5 {[%clk 0:20:00]} 43. Kf2 {[%clk 0:21:30]} Rb3
{[%clk 0:15:29]} 44. Rxa6 {[%clk 0:17:30]} g4 {[%clk 0:15:45]} 45. Bh1
{[%clk 0:17:31]} Rb2+ {[%clk 0:15:09]} 46. Kg1 {[%clk 0:17:39]} Nc4
{[%clk 0:13:34]} 47. Rxe5 {[%clk 0:07:27]} dxe5 {[%clk 0:12:48]} 48. Be4
{[%clk 0:06:38]} Rd2 {[%clk 0:12:03]} 49. Ra4 {[%clk 0:05:30]} Ne3
{[%clk 0:11:18]} 50. Ra3 {[%clk 0:05:47]} Nxd5 {[%clk 0:10:05]} 51. Ra8+
{[%clk 0:04:12]} Kg7 {[%clk 0:10:26]} 52. Rd8 {[%clk 0:04:41]} Rd1+
{[%clk 0:10:09]} 53. Kf2 {[%clk 0:05:08]} Nc3 {[%clk 0:10:26]} 54. Rxd1
{[%clk 0:04:58]} Nxd1+ {[%clk 0:10:51]} 55. Ke1 {[%clk 0:05:25]} Ne3
{[%clk 0:09:46]} 56. Ke2 {[%clk 0:05:46]} Nc4 {[%clk 0:09:52]} 57. Bf5
{[%clk 0:06:03]} Nd6 {[%clk 0:09:42]} 58. Bxg4 {[%clk 0:06:26]} f5
{[%clk 0:09:56]} 59. Bf3 {[%clk 0:06:30]} e4 {[%clk 0:09:46]} 60. Bg2
{[%clk 0:06:40]} Kf6 {[%clk 0:10:02]} 61. Ke3 {[%clk 0:06:33]} Ke5
{[%clk 0:10:20]} 62. Bf1 {[%clk 0:06:35]} Ne8 {[%clk 0:10:30]} 63. h4
{[%clk 0:04:06]} Nf6 {[%clk 0:10:28]} 64. Be2 {[%clk 0:04:33]} Nd5+
{[%clk 0:10:18]} 65. Kf2 {[%clk 0:04:56]} Kd4 {[%clk 0:09:22]} 66. Ba6
{[%clk 0:04:15]} Nf6 {[%clk 0:08:58]} 67. Ke2 {[%clk 0:04:26]} Nh5
{[%clk 0:08:18]} 68. Kf2 {[%clk 0:04:45]} Ke5 {[%clk 0:07:42]} 69. Be2
{[%clk 0:05:08]} Ng7 {[%clk 0:07:16]} 70. Ke3 {[%clk 0:05:18]} Ne6
{[%clk 0:07:18]} 71. Bc4 {[%clk 0:05:34]} Nd4 {[%clk 0:06:57]} 72. Ba6
{[%clk 0:05:15]} Nc2+ {[%clk 0:07:06]} 73. Kf2 {[%clk 0:04:57]} Nb4
{[%clk 0:07:04]} 74. Bc8 {[%clk 0:03:37]} Nd3+ {[%clk 0:06:41]} 75. Ke2
{[%clk 0:03:44]} Nc5 {[%clk 0:06:04]} 76. Ke3 {[%clk 0:04:10]} Na4
{[%clk 0:05:52]} 77. Ba6 {[%clk 0:04:26]} Nb6 {[%clk 0:06:04]} 78. Be2
{[%clk 0:04:45]} Nd5+ {[%clk 0:06:14]} 79. Kf2 {[%clk 0:05:12]} Kd4
{[%clk 0:06:25]} 80. Ba6 {[%clk 0:05:30]} Kc3 {[%clk 0:06:02]} 81. Ke2
{[%clk 0:05:45]} Kd4 {[%clk 0:05:26]} 82. Kf2 {[%clk 0:06:11]} Nf6
{[%clk 0:05:43]} 83. Be2 {[%clk 0:06:10]} Kc3 {[%clk 0:05:58]} 84. Ke3
{[%clk 0:06:08]} Nd5+ {[%clk 0:06:13]} 85. Kf2 {[%clk 0:06:28]} Kd2
{[%clk 0:06:08]} 86. h5 {[%clk 0:05:37]} Nf6 {[%clk 0:05:43]} 87. h6
{[%clk 0:06:06]} Nh7 {[%clk 0:05:27]} 88. Bb5 {[%clk 0:06:15]} Ng5
{[%clk 0:05:30]} 89. Ba6 {[%clk 0:06:24]} Nh7 {[%clk 0:04:25]} 90. Bb5
{[%clk 0:06:36]} Nf6 {[%clk 0:04:38]} 91. Be2 {[%clk 0:06:56]} Nh7  1/2-1/2

[Event "Prague Open 2022 - A IM Open"]
[Site "Olympik hotel, Prague"]
[Date "2022.01.11"]
[Round "6"]
[Board "8"]
[White "Carlsson, Ludvig"]
[Black "Nielsen, Andre"]
[Result "1-0"]
[WhiteElo "2355"]
[BlackElo "2207"]
[PlyCount "0"]
[EventDate "2022.01.07"]
[EventRounds "9"]
[EventCountry "CZE"]

1. e4 {[%clk 1:30:47]} e5 {[%clk 1:30:42]} 2. Nf3 {[%clk 1:31:05]} Nc6
{[%clk 1:31:00]} 3. Bb5 {[%clk 1:31:23]} a6 {[%clk 1:31:13]} 4. Ba4
{[%clk 1:31:44]} Nf6 {[%clk 1:31:28]} 5. O-O {[%clk 1:32:01]} Bc5
{[%clk 1:30:42]} 6. c3 {[%clk 1:31:32]} b5 {[%clk 1:30:53]} 7. Bb3
{[%clk 1:31:51]} d6 {[%clk 1:31:06]} 8. d4 {[%clk 1:32:08]} Bb6 {[%clk 1:31:22]}
9. a4 {[%clk 1:32:10]} Bg4 {[%clk 1:31:12]} 10. h3 {[%clk 1:32:06]} Bh5
{[%clk 1:31:22]} 11. Bg5 {[%clk 1:32:24]} Rb8 {[%clk 1:31:17]} 12. d5
{[%clk 1:32:39]} Ne7 {[%clk 1:31:35]} 13. Bxf6 {[%clk 1:32:55]} gxf6
{[%clk 1:31:54]} 14. Bc2 {[%clk 1:33:20]} Rg8 {[%clk 1:31:08]} 15. Kh2
{[%clk 1:33:29]} Qc8 {[%clk 1:22:37]} 16. g3 {[%clk 1:33:38]} Kf8
{[%clk 1:06:30]} 17. Nbd2 {[%clk 1:33:49]} Bg6 {[%clk 1:01:07]} 18. a5
{[%clk 1:28:06]} Ba7 {[%clk 0:57:28]} 19. g4 {[%clk 1:28:24]} c6 {[%clk 0:51:21]}
20. dxc6 {[%clk 1:25:50]} Qxc6 {[%clk 0:51:19]} 21. Nh4 {[%clk 1:22:08]} d5
{[%clk 0:46:16]} 22. Qf3 {[%clk 1:21:49]} b4 {[%clk 0:34:59]} 23. exd5
{[%clk 1:16:09]} Nxd5 {[%clk 0:29:18]} 24. Nxg6+ {[%clk 1:15:55]} hxg6
{[%clk 0:26:07]} 25. Be4 {[%clk 1:16:16]} Qd6 {[%clk 0:13:10]} 26. Nc4
{[%clk 1:16:35]} Qc7 {[%clk 0:09:50]} 27. Bxd5 {[%clk 1:16:37]} e4+
{[%clk 0:08:02]} 28. Qg3 {[%clk 1:16:48]} Qc5 {[%clk 0:08:22]} 29. Nb6
{[%clk 1:12:44]} Kg7 {[%clk 0:04:25]} 30. Bxe4 {[%clk 1:11:34]} Rbe8
{[%clk 0:03:48]} 31. Bg2 {[%clk 1:11:39]} Bb8 {[%clk 0:03:54]} 32. f4
{[%clk 1:11:59]} Re3 {[%clk 0:02:30]} 33. cxb4 {[%clk 1:11:30]}  1-0

[Event "Prague Open 2022 - A IM Open"]
[Site "Olympik hotel, Prague"]
[Date "2022.01.11"]
[Round "6"]
[Board "9"]
[White "Czerw, Dawid"]
[Black "Torngren, Gustav"]
[Result "1-0"]
[WhiteElo "2396"]
[BlackElo "2245"]
[PlyCount "0"]
[EventDate "2022.01.07"]
[EventRounds "9"]
[EventCountry "CZE"]

1. e4 {[%clk 1:30:57]} e5 {[%clk 1:25:46]} 2. Nf3 {[%clk 1:31:23]} Nc6
{[%clk 1:26:09]} 3. Bb5 {[%clk 1:31:47]} a6 {[%clk 1:26:10]} 4. Ba4
{[%clk 1:32:12]} b5 {[%clk 1:23:40]} 5. Bb3 {[%clk 1:32:16]} Na5 {[%clk 1:24:07]}
6. O-O {[%clk 1:31:07]} d6 {[%clk 1:23:52]} 7. d4 {[%clk 1:31:15]} Nxb3
{[%clk 1:24:14]} 8. axb3 {[%clk 1:31:09]} f6 {[%clk 1:24:38]} 9. c4
{[%clk 1:26:53]} b4 {[%clk 1:24:17]} 10. d5 {[%clk 1:21:36]} c5 {[%clk 1:20:14]}
11. dxc6 {[%clk 1:16:42]} Ne7 {[%clk 1:20:17]} 12. Ne1 {[%clk 1:15:40]} Nxc6
{[%clk 1:19:50]} 13. Be3 {[%clk 1:13:15]} Be6 {[%clk 1:16:38]} 14. Nd3
{[%clk 1:11:50]} Be7 {[%clk 1:13:18]} 15. f4 {[%clk 1:10:43]} O-O
{[%clk 1:11:50]} 16. f5 {[%clk 1:08:47]} Bf7 {[%clk 1:12:03]} 17. Nd2
{[%clk 1:05:19]} Qb8 {[%clk 1:11:51]} 18. Qg4 {[%clk 0:56:57]} g5
{[%clk 1:00:53]} 19. fxg6 {[%clk 0:52:53]} hxg6 {[%clk 1:00:24]} 20. Rf3
{[%clk 0:44:08]} Kg7 {[%clk 0:57:54]} 21. Raf1 {[%clk 0:41:07]} Qc8
{[%clk 0:57:50]} 22. Qh4 {[%clk 0:35:25]} Rh8 {[%clk 0:57:52]} 23. Qf2
{[%clk 0:35:50]} Qe6 {[%clk 0:50:11]} 24. Bg5 {[%clk 0:30:29]} fxg5
{[%clk 0:50:20]} 25. Rxf7+ {[%clk 0:30:53]} Kg8 {[%clk 0:50:47]} 26. c5
{[%clk 0:19:28]} Nd8 {[%clk 0:38:31]} 27. Rf3 {[%clk 0:15:29]} g4
{[%clk 0:38:47]} 28. Re3 {[%clk 0:15:42]} dxc5 {[%clk 0:37:54]} 29. Ree1
{[%clk 0:15:18]} Kh7 {[%clk 0:26:10]} 30. Nc4 {[%clk 0:14:40]} Rf8
{[%clk 0:24:30]} 31. Qe3 {[%clk 0:14:11]} Nc6 {[%clk 0:24:42]} 32. Nxc5
{[%clk 0:13:58]} Bxc5 {[%clk 0:24:27]} 33. Qxc5 {[%clk 0:14:22]} Rxf1+
{[%clk 0:23:36]} 34. Rxf1 {[%clk 0:14:50]} Rd8 {[%clk 0:23:46]} 35. Qb6
{[%clk 0:08:32]} Rd3 {[%clk 0:21:49]} 36. Qxa6 {[%clk 0:05:59]} Nd4
{[%clk 0:21:22]} 37. Qxe6 {[%clk 0:03:29]} Nxe6 {[%clk 0:21:50]} 38. Nxe5
{[%clk 0:02:57]} Rxb3 {[%clk 0:20:12]} 39. Nc4 {[%clk 0:02:28]} Rd3
{[%clk 0:19:20]} 40. Rf7+ {[%clk 0:00:58]} Kh6 {[%clk 0:18:29]} 41. Rb7
{[%clk 0:17:31]} Nc5 {[%clk 0:45:46]} 42. Re7 {[%clk 0:06:01]} Rd1+
{[%clk 0:35:49]} 43. Kf2 {[%clk 0:06:25]} Rd4 {[%clk 0:33:44]} 44. Ne3
{[%clk 0:06:46]} Nxe4+ {[%clk 0:33:43]} 45. Ke2 {[%clk 0:05:30]} Nf6
{[%clk 0:32:56]} 46. Rb7 {[%clk 0:05:00]} Re4 {[%clk 0:30:23]} 47. Kd3
{[%clk 0:05:20]} Re5 {[%clk 0:30:44]} 48. Rf7 {[%clk 0:04:46]} Kg5
{[%clk 0:28:15]} 49. Rxf6 {[%clk 0:05:01]} Rxe3+ {[%clk 0:28:42]} 50. Kxe3
{[%clk 0:05:24]} Kxf6 {[%clk 0:29:08]} 51. Kd4 {[%clk 0:01:37]} Kf5
{[%clk 0:28:43]} 52. Kc4 {[%clk 0:01:34]} Ke4 {[%clk 0:28:49]} 53. Kxb4
{[%clk 0:01:59]} Ke3 {[%clk 0:29:08]} 54. Kc3 {[%clk 0:01:03]} Kf2
{[%clk 0:29:21]} 55. b4 {[%clk 0:01:31]} Kxg2 {[%clk 0:29:09]} 56. b5
{[%clk 0:01:58]} Kxh2 {[%clk 0:29:26]} 57. b6 {[%clk 0:02:23]} g3
{[%clk 0:29:43]} 58. b7 {[%clk 0:02:48]} g2 {[%clk 0:30:08]} 59. b8=Q+
{[%clk 0:03:13]} Kh3 {[%clk 0:29:55]} 60. Qa7 {[%clk 0:02:49]}  1-0